[Event "Aragon-chT Preferente A"]
[Site "Aragon"]
[Date "2013.01.26"]
[Round "1.48"]
[White "Flores, Francisco"]
[Black "Pellicer Cerezuela, Miguel"]
[Result "0-1"]
[WhiteElo "1850"]
[BlackElo "1794"]
[PlyCount "72"]
[EventDate "2013.01.26"]
[EventType "team"]
[EventRounds "9"]
[EventCountry "ESP"]
[SourceTitle "EXT 2014"]
[Source "ChessBase"]
[SourceDate "2013.11.20"]
[SourceVersion "1"]
[SourceVersionDate "2013.11.20"]
[SourceQuality "1"]
[WhiteTeam "Helios II"]
[BlackTeam "La Aurora Estadilla II"]
[WhiteTeamCountry "ESP"]
[BlackTeamCountry "ESP"]

1. e4 e6 2. d4 d5 3. Nc3 Nf6 4. e5 Nfd7 5. f4 c5 6. Nf3 Nc6 7. Ne2 Be7 8. c3 f6 9. dxc5 fxe5 10. fxe5 Ndxe5 11. Nxe5 Nxe5 12. Nd4 0-0 13. Qh5 Bf6 14. Bf4 Ng6 15. Bd6 Be7 16. Bxe7 Qxe7 17. b4 a6 18. 0-0-0 a5 19. Kb1 axb4 20. cxb4 Rf2 21. Be2 e5 22. Rhf1 Rxf1 23. Rxf1 exd4 24. Qxd5+ Be6 25. Qf3 Bxa2+ 26. Kb2 Bf7 27. Ra1 Rxa1 28. Kxa1 Ne5 29. Qf5 g6 30. Qc8+ Kg7 31. b5 d3 32. Bd1 Nd7 33. Qxb7 Qe1 34. Qxd7 Qxd1+ 35. Kb2 Qc2+ 36. Ka3 Qb3# 0-1

[Event "Marseille op 4th"]
[Site "Marseille"]
[Date "2011.12.28"]
[Round "6"]
[White "Flores, Francisco"]
[Black "Tchifteyan, Philippe"]
[Result "1-0"]
[WhiteElo "1866"]
[BlackElo "1661"]
[PlyCount "79"]
[EventDate "2011.12.26"]
[EventType "swiss"]
[EventRounds "9"]
[EventCountry "FRA"]
[SourceTitle "CBM 146 Extra"]
[Source "ChessBase"]
[SourceDate "2012.02.29"]
[SourceVersion "1"]
[SourceVersionDate "2012.02.29"]
[SourceQuality "1"]

1. d4 d5 2. c4 c6 3. Nc3 f5 4. Nf3 Nf6 5. cxd5 cxd5 6. Bf4 a6 7. e3 e6 8. Bd3 Be7 9. Rc1 0-0 10. 0-0 Nbd7 11. h3 Ne4 12. Ne5 g5 13. Bh2 Ndf6 14. Nxe4 Nxe4 15. f3 Nf6 16. Qb3 Kg7 17. Rc3 h5 18. Be2 Nd7 19. Nxd7 Qxd7 20. Be5+ Kh6 21. Rc7 Qd8 22. Rfc1 Rg8 23. Bd3 Bd6 24. Bxd6 Qxd6 25. Qc3 Qf8 26. Qc5 Qf6 27. e4 dxe4 28. fxe4 Rd8 29. e5 Qh8 30. Qb6 Rf8 31. Re7 Qg8 32. Bc4 Re8 33. Qc7 h4 34. Bb3 g4 35. hxg4 fxg4 36. Rf1 Rxe7 37. Qxe7 Kh5 38. Rf7 Bd7 39. Rh7+ Kg6 40. Bc2# 1-0

[Event "Marseille op 2nd "]
[Site "Marseille"]
[Date "2009.12.30"]
[Round "9"]
[White "Flores, Francisco"]
[Black "Desmas, William"]
[Result "1-0"]
[WhiteElo "1928"]
[BlackElo "1674"]
[PlyCount "77"]
[EventDate "2009.12.26"]
[EventType "swiss"]
[EventRounds "9"]
[EventCountry "FRA"]
[SourceTitle "CBM 134 Extra"]
[Source "ChessBase"]
[SourceDate "2010.03.03"]
[SourceVersion "1"]
[SourceVersionDate "2010.03.03"]
[SourceQuality "1"]

1. e4 e5 2. Nf3 Nc6 3. Bb5 a6 4. Ba4 Nf6 5. 0-0 b5 6. Bb3 Be7 7. Re1 0-0 8. c3 d6 9. h3 Na5 10. Bc2 c5 11. d4 Qc7 12. Nbd2 cxd4 13. cxd4 Nc6 14. d5 Nb4 15. Bb1 a5 16. Nf1 Bd7 17. a3 Na6 18. Bd2 a4 19. Ng3 g6 20. Bd3 Rac8 21. Qe2 Qb8 22. Rac1 Nc5 23. Bc2 Rfe8 24. Nh2 Bf8 25. Bg5 Bg7 26. Qf3 Nh5 27. Nxh5 gxh5 28. Qxh5 b4 29. Ng4 Bxg4 30. Qxg4 Kh8 31. Qf3 Rc7 32. axb4 Qxb4 33. Bf6 Qxb2 34. Bxg7+ Kxg7 35. Bxa4 Ra8 36. Bc6 Ra3 37. Qg4+ Kf8 38. Rb1 Qd2 39. Rb8+ 1-0

[Event "Marseille op 2nd "]
[Site "Marseille"]
[Date "2009.12.29"]
[Round "7"]
[White "Flores, Francisco"]
[Black "Valles, Manuel"]
[Result "0-1"]
[WhiteElo "1928"]
[BlackElo "2200"]
[PlyCount "34"]
[EventDate "2009.12.26"]
[EventType "swiss"]
[EventRounds "9"]
[EventCountry "FRA"]
[SourceTitle "CBM 134 Extra"]
[Source "ChessBase"]
[SourceDate "2010.03.03"]
[SourceVersion "1"]
[SourceVersionDate "2010.03.03"]
[SourceQuality "1"]

1. e4 c5 2. Nf3 g6 3. d4 cxd4 4. Nxd4 Bg7 5. Be3 Nf6 6. Nc3 d6 7. f3 0-0 8. Qd2 Nc6 9. 0-0-0 d5 10. Nxc6 bxc6 11. exd5 Nxd5 12. Nxd5 cxd5 13. Qxd5 Qc7 14. Qc5 Qb7 15. b3 Bf5 16. Qd5 Qb4 17. Kb1 Bxc2+ 0-1